| 000 | 00455cam a2200181ua 4500 | ||
|---|---|---|---|
| 020 |
_a0 7131 2914x _c41.37 |
||
| 041 |
_aeng _h |
||
| 082 |
_a621.8 _bGRE/ME |
||
| 100 | _aGreer, A . | ||
| 245 |
_aMechanical engineering craft studies / _cA.Greer. _hTextual Documents |
||
| 250 |
_a2 / _b. |
||
| 260 |
_a : _bEnglish Language Book Society , _c1984. |
||
| 300 | _a132 ; . | ||
| 365 | _a41.37 | ||
| 504 | _a | ||
| 942 | _cBK | ||
| 999 |
_c2180 _d2180 |
||